RPDR Season 11 Contestants by Track Record - Statistics

General Stats
  • This quiz has been taken 74 times
  • The average score is 8 of 15
Answer Stats
Scores Answer % Correct
3.21 Yvie Oddly
94%
3.36 Brooke Lynn Hytes
79%
0 Soju
74%
.5 Kahanna Montresse
60%
3.09 Nina West
60%
3.2 Plastique Tiara
58%
2.93 Silky Nutmeg Ganache
58%
2.83 Scarlet Envy
53%
2.29 Rajah O'Hara
47%
2 Honey Davenport
45%
2.58 Vanessa Vanjie Mateo
44%
2 Ariel Versace
42%
1.75 Mercedes Iman Diamond
42%
2.7 Shuga Cain
40%
2.93 Akeria Chanel Davenport
35%
No matching quizzes found
Score Distribution
Percent of People with Each Score
Percentile by Number Answered
Your Score History
You have not taken this quiz